Thực tập hóa đại cương
Cũng cố kiến thức lý thuyết hóa đại cương, môn học này còn nhằm mục đich hương dẫn,rèn cặp cho sinh viên bước đầu có kỹ năng thực hành hóa học nhất định...
Đã lưu trong:
| 主要作者: | |
|---|---|
| 格式: | 圖書 |
| 出版: |
Hà Nội
Đại học Quốc gia Hà Nội
2005
|
| 版: | In lần thứ 2 |
| 主題: | |
| 標簽: |
添加標簽
沒有標簽, 成為第一個標記此記錄!
|
| Thư viện lưu trữ: | Trung tâm Học liệu Lê Vũ Hùng, Trường Đại học Đồng Tháp |
|---|
| LEADER | 01320pam a22002538a 4500 | ||
|---|---|---|---|
| 001 | 00028142 | ||
| 005 | 20171026081023.0 | ||
| 008 | 120220s2005 ||||||Viesd | ||
| 020 | |c 22600 | ||
| 041 | 0 | # | |a Vie |
| 082 | 1 | 4 | |a 540 |b TH552T |
| 100 | 1 | # | |a Ngô, Sỹ Lương |e Chủ biên |
| 245 | 1 | 0 | |a Thực tập hóa đại cương |c Ngô sỹ Lương |
| 250 | # | # | |a In lần thứ 2 |
| 260 | # | # | |a Hà Nội |b Đại học Quốc gia Hà Nội |c 2005 |
| 300 | # | # | |a 225 tr. |c 21cm. |
| 520 | # | # | |a Cũng cố kiến thức lý thuyết hóa đại cương, môn học này còn nhằm mục đich hương dẫn,rèn cặp cho sinh viên bước đầu có kỹ năng thực hành hóa học nhất định... |
| 653 | # | # | |a Hóa đại cương |
| 852 | # | # | |b Kho giáo trình |j KGT.0034147, KGT.0034148, KGT.0034149, KGT.0034150, KGT.0034151, KGT.0034152, KGT.0034153, KGT.0034154, KGT.0034155, KGT.0034156 |
| 852 | # | # | |b Kho mượn |j KGT.0034147 |
| 852 | # | # | |b Kho đọc |j KD.0012461 |
| 852 | # | # | |j KGT.0034148 |j KGT.0034149 |j KGT.0034151 |j KGT.0034152 |j KGT.0034154 |j KGT.0034155 |j KD.0012461 |j KGT.0034147 |j KGT.0034150 |j KGT.0034153 |j KGT.0034156 |
| 910 | 0 | # | |a TRUNG |d 20/02/2012 |
| 980 | # | # | |a Trung tâm Học liệu Lê Vũ Hùng, Trường Đại học Đồng Tháp |